| 000 | 00595nam a2200205 4500 | ||
|---|---|---|---|
| 001 | 132835 | ||
| 003 | ES-MaACL | ||
| 005 | 20230906194247.0 | ||
| 007 | t| | ||
| 008 | 070214s1978 sp r ||||1| spa d | ||
| 100 | 1 |
_aRosental, M. M. _999757 |
|
| 245 | 1 | 0 |
_aDiccionario de filosofía / _cM. M. Rosental ; traducción del ruso de Augusto Vidal Roget. |
| 260 |
_aMadrid : _bAkal, _c1978. |
||
| 300 |
_a498 p. ; _c18 cm. |
||
| 490 | 1 |
_aAkal ; _v74 |
|
| 700 | 1 |
_aVidal Roget, Augusto. _9114515 |
|
| 830 | 0 |
_aAkal ; _v74 _9180805 |
|
| 852 |
_aES-MaACL _jA-8590 _bR.97467 |
||
| 999 |
_c132835 _d132835 |
||